[Event "Titled Tuesday intern op 06th Apr"]
[Site "Chess.com INT"]
[Date "2021.04.06"]
[Round "10"]
[White "Perestjuk, Marko"]
[Black "Suvorov, Luca"]
[Result "0-1"]
[WhiteElo "2160"]
[BlackElo "2279"]
[PlyCount "110"]
[EventDate "2021.04.06"]
[EventType "swiss (blitz)"]
[EventRounds "11"]
[EventCountry "USA"]
[SourceTitle "CBM 201 Extra"]
[Source "ChessBase"]
[SourceDate "2021.05.31"]
[SourceVersion "1"]
[SourceVersionDate "2021.05.31"]
[SourceQuality "1"]

1. e4 e5 2. Nf3 Nc6 3. Bb5 a6 4. Ba4 Nf6 5. 0-0 Be7 6. Re1 b5 7. Bb3 d6 8. c3 0-0 9. h3 Na5 10. Bc2 c5 11. d4 Qc7 12. Nbd2 Nc6 13. d5 Nd8 14. Nf1 Ne8 15. Ng3 g6 16. Bh6 Ng7 17. Nh2 f6 18. Qf3 Nf7 19. Be3 Bd7 20. Ng4 Ng5 21. Bxg5 fxg5 22. Nh6+ Kh8 23. Nf7+ Kg8 24. Nh6+ Kh8 25. Nf7+ Rxf7 26. Qxf7 Bg4 27. hxg4 Rf8 28. Qf3 Rxf3 29. gxf3 h5 30. gxh5 gxh5 31. Kg2 h4 32. Rh1 Kg8 33. Nf1 Nh5 34. Ne3 Nf4+ 35. Kf1 c4 36. Ng2 Ng6 37. Ke2 Qc5 38. Rag1 Bd8 39. Nxh4 Nf4+ 40. Kf1 b4 41. Ng2 Bb6 42. Ne3 Bd8 43. Ng2 b3 44. Bb1 bxa2 45. Bxa2 Nd3 46. Ne3 Nf4 47. Bxc4 Qa5 48. Ke1 Qa1+ 49. Kd2 Qxb2+ 50. Nc2 Ba5 51. Rxg5+ Kf7 52. Rh7+ Kf6 53. Rf5+ Kg6 54. Rhf7 Qxc3+ 55. Kc1 Qxc4 0-1

[Event "Titled Tuesday intern op 06th Apr"]
[Site "Chess.com INT"]
[Date "2021.04.06"]
[Round "9"]
[White "Quiroga Garza, Juan Manuel"]
[Black "Perestjuk, Marko"]
[Result "0-1"]
[WhiteElo "2190"]
[BlackElo "2160"]
[PlyCount "44"]
[EventDate "2021.04.06"]
[EventType "swiss (blitz)"]
[EventRounds "11"]
[EventCountry "USA"]
[SourceTitle "CBM 201 Extra"]
[Source "ChessBase"]
[SourceDate "2021.05.31"]
[SourceVersion "1"]
[SourceVersionDate "2021.05.31"]
[SourceQuality "1"]

1. e4 c5 2. Nf3 d6 3. d4 cxd4 4. Nxd4 Nf6 5. Nc3 Bd7 6. g3 g6 7. Bg2 Bg7 8. 0-0 Nc6 9. Nxc6 Bxc6 10. Re1 0-0 11. Bg5 Rc8 12. Qd2 Qb6 13. Rab1 Rfd8 14. Nd5 Bxd5 15. exd5 Rc7 16. b3 Qa6 17. c4 b5 18. Bf1 bxc4 19. Bxc4 Qb7 20. Re2 Rxc4 21. Rbe1 Rc7 22. Rd1 Rdc8 0-1

[Event "Titled Tuesday intern op 06th Apr"]
[Site "Chess.com INT"]
[Date "2021.04.06"]
[Round "6"]
[White "Rozhkov, Viacheslav"]
[Black "Perestjuk, Marko"]
[Result "1-0"]
[WhiteElo "2248"]
[BlackElo "2160"]
[PlyCount "69"]
[EventDate "2021.04.06"]
[EventType "swiss (blitz)"]
[EventRounds "11"]
[EventCountry "USA"]
[SourceTitle "CBM 201 Extra"]
[Source "ChessBase"]
[SourceDate "2021.05.31"]
[SourceVersion "1"]
[SourceVersionDate "2021.05.31"]
[SourceQuality "1"]

1. e4 c5 2. Nf3 d6 3. d4 cxd4 4. Nxd4 Nf6 5. Nc3 Bd7 6. Be3 e5 7. Nb3 Be7 8. f3 0-0 9. Qd2 a5 10. a4 Na6 11. g4 Nb4 12. h4 Be6 13. g5 Nh5 14. Nd5 Nxd5 15. exd5 Bf5 16. Bh3 Bxh3 17. Rxh3 f5 18. Rh2 Qc7 19. 0-0-0 b6 20. Qd3 Rac8 21. Qb5 Bd8 22. Kb1 Qc4 23. Qd7 g6 24. Qxd6 Ng7 25. Qxe5 Bc7 26. d6 Rfe8 27. Qf4 Bxd6 28. Rxd6 Qf1+ 29. Ka2 Rc4 30. Rd4 Rec8 31. Rhd2 Ne6 32. Rxc4 Rxc4 33. Qb8+ Nf8 34. Qe8 Qxf3 35. Rd8 1-0

[Event "GER-chT Online Liga 1 GpB"]
[Site "Playchess.com INT"]
[Date "2021.03.17"]
[Round "6.1"]
[White "Perestjuk, Marko"]
[Black "Edouard, Romain"]
[Result "1-0"]
[WhiteElo "2160"]
[BlackElo "2614"]
[PlyCount "83"]
[EventDate "2021.01.18"]
[EventType "team-tourn (rapid)"]
[EventRounds "7"]
[EventCountry "GER"]
[SourceTitle "EXT 2022"]
[Source "ChessBase"]
[SourceDate "2021.10.06"]
[SourceVersion "1"]
[SourceVersionDate "2021.10.06"]
[SourceQuality "1"]
[WhiteTeam "Spandau Zitadelle"]
[BlackTeam "Werder Bremen"]
[WhiteTeamCountry "GER"]
[BlackTeamCountry "GER"]

1. e4 c5 2. Nf3 d6 3. Bb5+ Nd7 4. d4 cxd4 5. Qxd4 a6 6. Bxd7+ Qxd7 7. 0-0 e5 8. Qd3 f5 9. Nc3 Nf6 10. Bg5 fxe4 11. Nxe4 Nxe4 12. Qxe4 h6 13. Bd2 Qf5 14. Qe2 Be7 15. Bb4 Qg4 16. Ba3 Be6 17. Rfd1 0-0-0 18. Qe3 Rd7 19. Qa7 Rhd8 20. Rd3 e4 21. Rc3+ Rc7 22. Rxc7+ Kxc7 23. Nd4 Bd5 24. Bb4 Rc8 25. c4 Bxc4 26. Rc1 Kd7 27. Qxb7+ Rc7 28. Qb6 Qf4 29. Re1 Bf6 30. b3 Bd3 31. Qxc7+ Ke8 32. Ne6 Qg4 33. Qxd6 a5 34. Qf8+ Kd7 35. Qd6+ Ke8 36. Bc5 Qh5 37. Qf8+ Kd7 38. Qd6+ Ke8 39. Qxd3 Be5 40. Qh3 Qg6 41. Nd4 Kf7 42. Qf5+ 1-0